[Event "45th Olympiad Budapest 2024"]
[Site "Budapest"]
[Date "2024.09.19"]
[Round "8"]
[Board "3"]
[White "Pedro, Manuel Envo Engonga Avomo"]
[Black "Heron, Andrew"]
[Result "0-1"]
[WhiteElo "1702"]
[BlackElo "2026"]
[PlyCount "124"]
[EventDate "2024.09.11"]
[EventType "team-tourn"]
[EventRounds "11"]
[EventCountry "HUN"]
[WhiteTeam "Equatorial Guinea"]
[BlackTeam "Liechtenstein"]
[BlackTeamCountry "LIE"]

1. e4 c5 2. Nf3 d6 3. d4 cxd4 4. Nxd4 Nf6 5. Nc3 a6 6. Rg1 e5 7. Nb3 Be6 8. g4 d5 9. g5 Nxe4 10. Nxe4 dxe4 11. Qxd8+ Kxd8 12. Be3 Kc7 13. O-O-O Nc6 14. Rg3 ({RR} 14. Bg2 Bf5 15. Nd2 Be7 16. Nxe4 Rhd8 17. Rxd8 Rxd8 18. Rd1 Nd4 19. Bxd4 Rxd4 20. Rxd4 exd4 21. Kd2 Bxe4 22. Bxe4 Bxg5+ 23. Kd3 g6 24. Kxd4 Bf6+ 25. Kd3 Bxb2 26. Bd5 f6 27. h4 b6 28. Bg8 h6 {0-1 Saragih,A (2140)-Myagmarsuren,E (2149) Titled Tue 10th Sep Early 2024 (3)}) 14... Bd6 $146 ({RR} 14... Be7 15. Bg2 Rad8 16. Rxd8 Rxd8 17. Bxe4 g6 18. Nc5 Bxc5 19. Bxc5 b6 20. Be3 Nd4 21. Bxd4 Rxd4 22. Rc3+ Rc4 23. Rxc4+ Bxc4 24. b3 Be6 25. c4 Kd6 26. Kb2 b5 27. cxb5 axb5 28. Kc3 Kc5 29. a3 {1-0 Kruger,I (1902)-Correa,J (1591) BRA-ch Amateur U2000 2019 (1)}) 15. Bc5 Rad8 16. Bxd6+ Rxd6 17. Rxd6 Kxd6 18. Re3 h6 19. g6 f5 20. h4 h5 21. c3 Rh6 22. Rg3 Ne7 23. Be2 Bxb3 24. axb3 Nd5 25. Rg5 Nf4 26. Kd2 Ke6 27. b4 Rxg6 28. Rxg6+ Nxg6 29. Bxh5 Nxh4 30. Ke3 g6 31. Be2 Ng2+ 32. Kd2 Nf4 33. Bf1 g5 34. b5 axb5 35. Bxb5 Nd5 36. Be2 f4 37. Bg4+ Kd6 38. c4 Nb4 39. Bf5 Nd3 40. Bxe4 Nxb2 41. Bxb7 Nxc4+ 42. Kd3 Na5 43. Bf3 Nb3 44. Ba8 Nc5+ 45. Kc4 Nd7 46. Be4 Nf6 47. Ba8 Ng4 48. f3 Ne3+ 49. Kd3 g4 50. fxg4 Nxg4 51. Ke4 Ke6 52. Bd5+ Kf6 53. Kf3 Kg5 54. Bb7 Nf6 55. Bc8 e4+ 56. Kg2 f3+ 57. Kf2 Kf4 58. Ba6 Ng4+ 59. Kf1 Ke3 60. Kg1 Kd2 61. Bc8 Ne5 62. Kf1 e3 0-1

[Event "45th Olympiad Budapest 2024"]
[Site "Budapest"]
[Date "2024.09.19"]
[Round "8"]
[Board "1"]
[White "Andrade, Ivan"]
[Black "Stratonowitsch, Andre"]
[Result "0-1"]
[WhiteElo "2132"]
[BlackElo "2154"]
[PlyCount "88"]
[EventDate "2024.09.11"]
[EventType "team-tourn"]
[EventRounds "11"]
[EventCountry "HUN"]
[WhiteTeam "Mozambique"]
[BlackTeam "Seychelles"]
[WhiteTeamCountry "MOZ"]
[BlackTeamCountry "SEY"]

1. e4 c5 2. Nf3 e6 3. d4 cxd4 4. Nxd4 Nc6 5. Nc3 Qc7 6. Be3 a6 7. Qf3 Nf6 8. O-O-O Be7 9. h3 ({RR} 9. Be2 d6 10. Qg3 Bd7 11. Kb1 O-O 12. Bh6 Ne8 13. h4 Kh8 14. Bg5 Nf6 15. f4 Rac8 16. Nf3 b5 17. e5 dxe5 18. fxe5 b4 19. Rh3 Nh5 20. Qg4 bxc3 21. Qxh5 Ba3 22. Bd3 h6 23. Bxh6 g6 {1-0 Morozevich,A (2659)-Blomqvist,E (2542) Puhajarve Rapid op 21st 2021 (37)}) 9... Rb8 $146 ({RR} 9... d6 10. g4 Ne5 11. Qg2 b5 12. f4 b4 13. fxe5 dxe5 14. g5 Nd7 15. g6 exd4 16. gxf7+ Kf8 17. Bxd4 Qf4+ 18. Kb1 Qg5 19. e5 Qxg2 20. Bxg2 Rb8 21. Ne2 g5 22. Bc6 Nc5 23. Rhf1 Kg7 24. Ng3 {1-0 Schill,W (2281)-Lampman,B (2139) Vancouver op 2015 (2)}) ({RR} 9... b5 10. e5 Ng8 11. Nxc6 Qxc6 12. Qg3 Kf8 13. Be2 Bb7 14. Bf3 Qc7 15. Bxb7 Qxb7 16. Rd3 Nh6 17. Bxh6 gxh6 18. Qe3 Qxg2 19. Rhd1 Rd8 20. Ne4 Ke8 21. f4 Rg8 22. Nf6+ Bxf6 23. exf6 Rg6 24. Qc5 {1-0 Siegert,G (2131)-Jurek,J (2242) 34th Staufer-Open 2024 (2.35)}) ({RR} 9... O-O 10. Bd3 Ne5 11. Qe2 Nxd3+ 12. Qxd3 b5 13. Nb3 Rd8 14. Qe2 Bb7 15. f3 d5 16. Qf2 Qc8 17. e5 Nd7 18. f4 Qc7 19. Rhf1 Rac8 20. Bd4 Rf8 21. Rde1 b4 22. Na4 Bh4 23. g3 Bxg3 24. Qg2 {0-1 Soulele,C (1059)-Miliou,P (1391) GRE-chT U16 Thessaloniki 2021 (5.5)}) ({RR} 9... O-O 10. g4 Ne5 11. Qg3 d6 12. f4 Nc4 13. Bxc4 Qxc4 14. g5 Nd7 15. h4 b5 16. h5 b4 17. Nce2 Bb7 18. Qf3 e5 19. Nf5 Bxe4 20. Nxe7+ Kh8 21. Qxe4 Qxe4 22. Rh3 Rfe8 23. Nd5 Qg2 24. Ng1 {0-1 Hrescak,I (2117)-Mompel Ferruz,X (2159) Titled Tue 11th Jul Early 2023 (11)}) 10. g4 h6 11. Kb1 b5 12. Nxc6 Qxc6 13. Bd3 Bb7 14. Qg3 d6 15. f3 Rc8 16. Rhe1 Nd7 17. Qf2 Ne5 18. Qe2 Kf8 19. a3 Bf6 20. Na2 Qc7 21. f4 Nd7 22. Qf2 Nc5 23. Bd4 Qe7 24. Re2 e5 25. Bxc5 dxc5 26. fxe5 Qxe5 27. c4 Rd8 28. Nc3 bxc4 29. Bxc4 Rxd1+ 30. Nxd1 Qd4 31. Qxd4 Bxd4 32. Bd5 Bc8 33. b4 h5 34. g5 Bxh3 35. Nf2 Be6 36. bxc5 h4 37. Bxe6 fxe6 38. Rd2 e5 39. Nh3 Ke7 40. c6 Rc8 41. Rg2 Rxc6 42. Rg4 Rc3 43. Rxh4 Rxa3 44. Rh8 Kf7 0-1

[Event "45th Olympiad Budapest 2024"]
[Site "Budapest"]
[Date "2024.09.19"]
[Round "8"]
[Board "2"]
[White "Meier, Peter"]
[Black "Jamal, Hamid Harmon Gulamo"]
[Result "0-1"]
[WhiteElo "2062"]
[BlackElo "1960"]
[PlyCount "96"]
[EventDate "2024.09.11"]
[EventType "team-tourn"]
[EventRounds "11"]
[EventCountry "HUN"]
[WhiteTeam "Seychelles"]
[BlackTeam "Mozambique"]
[WhiteTeamCountry "SEY"]
[BlackTeamCountry "MOZ"]

1. d4 Nf6 2. Nf3 g6 3. g3 Bg7 4. Bg2 O-O 5. O-O d6 6. c4 c6 7. Nc3 Bf5 8. Ne1 Qc8 ({RR} 8... a5 9. h3 Na6 10. e4 Be6 11. d5 Bd7 12. Be3 cxd5 13. cxd5 b5 14. Nd3 Qb8 15. Rc1 Rc8 16. Ne2 Rxc1 17. Qxc1 Nb4 18. Qb1 Nxd3 19. Qxd3 Ne8 20. Nd4 Bxd4 21. Qxd4 Qd8 22. Rc1 Rc8 23. Rc3 {1-0 Karpov,A (2770)-Kamsky,G (2735) Amber-blindfold 05th rapid 1996 (1)}) 9. e4 Be6 ({RR} 9... Bg4 10. f3 Bh3 11. Nd3 Bxg2 12. Kxg2 Na6 13. Be3 Nd7 14. Rc1 Nc7 15. d5 c5 16. f4 a6 17. b4 b6 18. bxc5 bxc5 19. e5 Rb8 20. Ne4 Ne8 21. h4 h6 22. h5 f5 23. Nd2 dxe5 24. fxe5 {1-0 Behzad Nazif,P (2092)-Jorquera Cabello,V (1919) Olympiad Women 2024 (6.23)}) 10. b3 $146 ({RR} 10. Qe2 Na6 11. Nc2 Bh3 12. Be3 e5 13. f3 exd4 14. Bxd4 Re8 15. Rad1 Bxg2 16. Kxg2 Qe6 17. b3 Nc7 18. Rfe1 Qe7 19. Qd2 Ne6 20. Nd5 Qd8 21. Nxf6+ Bxf6 22. Bxf6 Qxf6 23. Nd4 Rad8 24. Nxe6 Rxe6 {½-½ Pfrommer,C (2351)-Koch,W (2286) Oberliga Baden 1314 2013 (8.1)}) 10... Bh3 11. Bb2 Qe6 12. Nd3 Bxg2 13. Nf4 Qc8 14. Kxg2 Nbd7 15. Re1 Qc7 16. Nd3 Rad8 17. Qe2 e5 18. dxe5 dxe5 19. Rad1 h6 20. h3 Nh7 21. Ba3 Rfe8 22. b4 Ng5 23. c5 Ne6 24. Qb2 Ndf8 25. Ne2 Rd7 26. Qb3 Red8 27. Nb2 b5 28. cxb6 axb6 29. Nc4 Nd4 30. Nxd4 exd4 31. Rd3 Ne6 32. f4 h5 33. Bc1 b5 34. Na3 c5 35. Nxb5 Qb7 36. a4 cxb4 37. Qxb4 Bf8 38. Qb2 Nc5 39. Rxd4 Nd3 40. Rxd3 Rxd3 41. Re2 Bg7 42. Qc2 h4 43. Re3 Rd1 44. Nc3 Bxc3 45. Rxc3 R1d3 46. Qxd3 Rxd3 47. Rxd3 Qxe4+ 48. Rf3 Qc2+ 0-1

[Event "45th Olympiad Budapest 2024"]
[Site "Budapest"]
[Date "2024.09.19"]
[Round "8"]
[Board "3"]
[White "Napoleao, Lourenco"]
[Black "Bonne, Robin"]
[Result "1-0"]
[WhiteElo "1913"]
[BlackElo "1707"]
[PlyCount "65"]
[EventDate "2024.09.11"]
[EventType "team-tourn"]
[EventRounds "11"]
[EventCountry "HUN"]
[WhiteTeam "Mozambique"]
[BlackTeam "Seychelles"]
[WhiteTeamCountry "MOZ"]
[BlackTeamCountry "SEY"]

1. d4 d5 2. Nc3 Nf6 3. Bf4 c6 4. e3 g6 5. h4 Bg7 6. Bd3 ({RR} 6. h5 Nxh5 7. Rxh5 gxh5 8. Qxh5 Nd7 9. Qh2 Qa5 10. a3 b5 11. Bc7 Qa6 12. Nf3 Qb7 13. e4 b4 14. axb4 Qxb4 15. O-O-O Nf6 16. Ne5 Qb7 17. Nxc6 Bd7 18. Na5 Qb4 19. exd5 O-O 20. Bd3 Rac8 {1-0 Bortnyk,O (2610)-Amonatov,F (2636) Wch Blitz Riadh 2017 (3)}) 6... Nh5 $146 ({RR} 6... h5 7. f3 Nbd7 8. Nh3 b5 9. a3 Nb6 10. Nf2 Nc4 11. Qc1 Bh6 12. Bxh6 Rxh6 13. b3 Nb6 14. e4 Rh8 15. e5 Nh7 16. Qf4 Nf8 17. O-O-O Ne6 18. Qe3 a5 19. Ne2 a4 20. b4 Nc4 21. Bxc4 {0-1 Musat,A (2378)-Kharmunova,N (2011) Titled Tuesday intern op 08th Feb Early blitz 2022 (11)}) ({RR} 6... Bf5 7. Bxf5 gxf5 8. h5 h6 9. Nf3 Nbd7 10. Ne5 Nxe5 11. Bxe5 e6 12. Qf3 Qe7 13. Qg3 Rg8 14. Bd6 Qd7 15. Be5 O-O-O 16. Na4 b6 17. Qh4 Ne4 18. Bxg7 Rxg7 19. f3 c5 20. Nc3 Nxc3 21. bxc3 {0-1 Badacsonyi,S (2197)-Prestia,P (2059) Titled Tue 23rd Apr Late 2024 (11)}) ({RR} 6... Nbd7 7. Nf3 Nh5 8. Bh2 b5 9. a3 Nb6 10. Ne5 Bxe5 11. Bxe5 f6 12. Bh2 Be6 13. Qe2 Ng7 14. O-O-O a5 15. e4 b4 16. Nb1 Qd7 17. Rhe1 O-O 18. f3 Rfc8 19. g4 Bf7 20. e5 Ne6 21. h5 {0-1 Puppi Lazo,J (2099)-Principe,A (2309) PER-ch Lima 2015 (6)}) 7. Bh2 a6 8. g4 Nf6 9. g5 Nfd7 10. Nf3 f6 11. Qe2 Nb6 12. O-O-O Bg4 13. gxf6 exf6 14. Bf4 N8d7 15. h5 g5 16. Rdg1 Bxf3 17. Qxf3 Qe7 18. h6 Bf8 19. Bc7 Rc8 20. Bg3 Rg8 21. e4 Kd8 22. exd5 g4 23. Qf5 Qf7 24. d6 Nd5 25. Nxd5 cxd5 26. Bf4 Rc6 27. Qxh7 Qxh7 28. Bxh7 Rh8 29. Bf5 Bxd6 30. Bxd6 Rxd6 31. Rxg4 Nf8 32. Rg7 Rb6 33. h7 1-0

[Event "45th Olympiad Budapest 2024"]
[Site "Budapest"]
[Date "2024.09.19"]
[Round "8"]
[Board "4"]
[White "Pillay, Ragul"]
[Black "Joao, Farisse"]
[Result "0-1"]
[WhiteElo "1633"]
[BlackElo "1851"]
[PlyCount "54"]
[EventDate "2024.09.11"]
[EventType "team-tourn"]
[EventRounds "11"]
[EventCountry "HUN"]
[WhiteTeam "Seychelles"]
[BlackTeam "Mozambique"]
[WhiteTeamCountry "SEY"]
[BlackTeamCountry "MOZ"]

1. e4 e5 2. Nc3 Nf6 3. Nf3 d6 4. Bc4 Be7 5. h3 Nc6 6. O-O O-O 7. d3 Na5 8. Bb3 Nxb3 ({RR} 8... h6 9. d4 exd4 10. Nxd4 a6 11. Qd3 Nxb3 12. axb3 Re8 13. f4 Bf8 14. Kh2 Bd7 15. Nde2 b5 16. b4 a5 17. bxa5 b4 18. Nd5 Nxe4 19. f5 c6 20. Nb6 Ra7 21. Be3 c5 22. c4 bxc3 23. Nxc3 {0-1 Perez Pietronave,C (2270)-German,G (2495) Clarin GP op 1997 (2)}) 9. cxb3 c5 ({RR} 9... h6 10. a4 c6 11. Ne2 Nh7 12. Ng3 Ng5 13. Nxg5 Bxg5 14. Qh5 g6 15. Bxg5 Qxg5 16. Qxg5 hxg5 17. f3 f5 18. b4 Be6 19. Ra3 c5 20. bxc5 f4 21. Ne2 dxc5 22. Rc3 Rac8 23. Rfc1 b6 24. Kf2 {½-½ Perovic,P (1785)-Markovic,Z (1543) SRB-chT Cup Kragujevac 2017 (3.6)}) 10. Be3 $146 ({RR} 10. Bg5 Be6 11. Qe2 Qd7 12. Nh2 h6 13. Bd2 b5 14. f4 exf4 15. Bxf4 b4 16. Nd1 Rad8 17. Ne3 Rfe8 18. Rad1 Qc8 19. Qf3 Qb7 20. Nhg4 Kh7 21. Nxf6+ Bxf6 22. Qh5 Qe7 23. Nf5 Bxf5 24. Qxf5+ g6 {1-0 Kovacic,D (2060)-Jovicic,M (1987) CRO-chT2 Center 2011 (6.66)}) ({RR} 10. Bg5 Ne8 11. Bxe7 Qxe7 12. Nd5 Qd8 13. Nd2 f5 14. f4 Nf6 15. fxe5 Nxd5 16. exd5 dxe5 17. Qf3 b5 18. d6 Be6 19. Qc6 Qb6 20. Qxb6 axb6 21. Nf3 Rad8 22. d7 e4 23. dxe4 fxe4 24. Ng5 Bxd7 {½-½ Barreto,P-Silveira,J Cearense-ch Fortaleza 2007 (1)}) ({RR} 10. Bg5 Be6 11. Bxf6 Bxf6 12. Nd2 Qd7 13. Nc4 d5 14. Nd2 Be7 15. exd5 Bxd5 16. Nxd5 Qxd5 17. Qf3 Rad8 18. Qxd5 Rxd5 19. Nf3 f6 20. Rad1 Rfd8 21. Rd2 e4 22. Re1 f5 23. g3 Bf6 24. Nh2 Rxd3 {0-1 Abdulla,M-Itgelt,K (1947) Asia-ch U12 Ulaanbaatar 2016 (1)}) 10... h6 11. Rc1 Be6 12. Qe2 Nh7 13. Nd2 f5 14. f4 Qd7 15. fxe5 dxe5 16. Nc4 Bxc4 17. bxc4 f4 18. Bd2 Ng5 19. Nd5 f3 20. Qf2 fxg2 21. Qxg2 Nxh3+ 22. Kh2 Nf4 23. Nxf4 exf4 24. Bxf4 Rxf4 25. Rxf4 Bd6 26. Qg3 Qc7 27. Rcf1 g5 0-1

[Event "45th Olympiad Budapest 2024"]
[Site "Budapest"]
[Date "2024.09.19"]
[Round "8"]
[Board "1"]
[White "Gontcharov, Serguei"]
[Black "Wu, Li"]
[Result "0-1"]
[WhiteElo "1927"]
[BlackElo "2325"]
[PlyCount "102"]
[EventDate "2024.09.11"]
[EventType "team-tourn"]
[EventRounds "11"]
[EventCountry "HUN"]
[WhiteTeam "Bermuda"]
[BlackTeam "Isle of Man"]
[WhiteTeamCountry "BER"]
[BlackTeamCountry "IOM"]

1. e4 c5 2. Nf3 Nc6 3. d4 cxd4 4. Nxd4 Nf6 5. Nc3 e5 6. Ndb5 d6 7. Bg5 a6 8. Na3 b5 9. Nd5 Be7 10. Bxf6 Bxf6 11. c3 Rb8 12. Nc2 Bg5 13. a4 bxa4 14. Ncb4 Nxb4 15. cxb4 Bd7 16. Bxa6 O-O 17. O-O ({RR} 17. h4 Be7 18. b5 Bxb5 19. Bxb5 Rxb5 20. g3 Rxb2 21. O-O Qd7 22. Qxa4 Rb7 23. Qxd7 Rxd7 24. Rfd1 g6 25. Nxe7+ Rxe7 26. Rxd6 h5 27. Rda6 Kg7 28. Ra7 Rxa7 29. Rxa7 Rb8 30. Ra5 Kf6 31. Ra6+ Ke7 {½-½ Dominguez Perez,L (2758)-Vidit,S (2726) NIC Classic Prelim rapid 2021 (13)}) 17... Qe8 ({RR} 17... f5 18. exf5 Rxf5 19. Bd3 Rf8 20. Rxa4 Bxa4 21. Qxa4 Kh8 22. b5 Qc8 23. b6 Qc5 24. Qb5 Qd4 25. b3 e4 26. Be2 e3 27. f3 Bh4 28. Qd3 Bf2+ 29. Kh1 Qc5 30. h3 Rxb6 31. Nxb6 Qxb6 32. Qb5 {½-½ Li,H (2016)-Jahnz,L (2086) Abu Dhabi Masters Online 2024 (3)}) 18. Re1 $146 ({RR} 18. Nc7) ({RR} 18. b5 Bxb5 19. Nc7 Qc6 20. Bxb5 Qxc7 21. Qd5 Qc5 22. Bc4 Rb4 23. b3 Qxd5 24. Bxd5 axb3 25. Rfb1 b2 26. Ra2 Bc1 27. Ra6 g6 28. g3 Kh8 29. Kg2 f5 30. exf5 Rxf5 31. Rc6 Rd4 32. Rc8+ Kg7 {0-1 Sredojevic,I (2304)-Vardan,N (2370) Arandjelovac GM 3rd 2021 (1)}) ({RR} 18. b3 axb3 19. Qxb3 Bd8 20. Bc4 Kh8 21. Ra2 Bc6 22. Rb1 f5 23. exf5 Rxf5 24. Kh1 Qf8 25. Qd3 e4 26. Qxe4 Rb5 27. Rd1 Rxb4 28. Qe2 Rb8 29. f3 Bg5 30. Qd3 {½-½ Karjakin,S (2773)-Dubov,D (2666) FIDE World Cup 2017 (2.1)}) 18... Bd8 19. Qd2 Kh8 20. Rac1 f5 21. exf5 Rxf5 22. Bd3 Bg5 23. f4 Rxf4 24. Nxf4 Bxf4 25. Qxf4 exf4 26. Rxe8+ Bxe8 27. b5 g5 28. b6 Kg8 29. Rc7 Rxb6 30. Bxh7+ Kf8 31. Rc2 Bc6 32. Kf2 Kg7 33. Bf5 Kf6 34. Bg4 Be4 35. Rd2 d5 36. g3 Ke5 37. gxf4+ gxf4 38. Bd1 Rb4 39. h4 d4 40. Bf3 d3 41. h5 Rc4 42. Bd1 Kd4 43. b3 axb3 44. Bxb3 Rc5 45. Ra2 Rxh5 46. Ra4+ Kc3 47. Rxe4 Kxb3 48. Rxf4 d2 49. Ke2 Kc3 50. Rf1 Kc2 51. Ra1 Re5+ 0-1

[Event "45th Olympiad Budapest 2024"]
[Site "Budapest"]
[Date "2024.09.19"]
[Round "8"]
[Board "2"]
[White "Fabri, Henrik"]
[Black "Dacres, Don"]
[Result "0-1"]
[WhiteElo "1936"]
[BlackElo "1863"]
[PlyCount "186"]
[EventDate "2024.09.11"]
[EventType "team-tourn"]
[EventRounds "11"]
[EventCountry "HUN"]
[WhiteTeam "Isle of Man"]
[BlackTeam "Bermuda"]
[WhiteTeamCountry "IOM"]
[BlackTeamCountry "BER"]

1. d4 d5 2. Nf3 Nf6 3. c4 c6 4. Nc3 Bf5 5. Qb3 Qb6 6. e3 e6 7. Be2 Qxb3 8. axb3 Bc2 9. Bd1 Bxd1 10. Kxd1 Nbd7 $146 ({RR} 10... Bd6 11. c5 Bc7 {½-½ Simon,P (1785)-Bradac,A (1787) Liberec Metalmex op 2011 (7)}) 11. c5 Be7 12. b4 O-O 13. h3 Ne4 14. Nxe4 dxe4 15. Nd2 f5 16. Nc4 Rfc8 17. Bd2 g6 18. Ke2 a6 19. Bc3 Rf8 20. g3 Rab8 21. Raf1 Rbd8 22. Na5 Rb8 23. Ra1 Bd8 24. Nc4 Bc7 25. Rhg1 Nf6 26. Nd2 Rbe8 27. Rad1 Rf7 28. Rdf1 Rd8 29. Nc4 Rd5 30. Rd1 Rfd7 31. Rd2 Kf7 32. Rgd1 g5 33. Rg1 Rd8 34. Rgd1 Kg6 35. Na5 Bxa5 36. bxa5 h5 37. Rg1 Rf8 38. Rdd1 g4 39. Rh1 Rf7 40. h4 Rfd7 41. Rd2 Ng8 42. Rhd1 Kf7 43. b4 Ne7 44. Bb2 Nc8 45. Ke1 Ne7 46. Ke2 Ng6 47. Bc3 Nf8 48. Bb2 Ng6 49. Bc3 Ke7 50. Ke1 Rd8 51. Ke2 e5 52. dxe5 Rxd2+ 53. Rxd2 Rxd2+ 54. Kxd2 Ke6 55. Kc2 Kd5 56. Kb3 Nf8 57. Bd4 Ng6 58. Kc3 Nf8 59. Kb3 Ne6 60. Bc3 Nc7 61. Bb2 Ne6 62. Bc3 Nf8 63. Bd4 Ng6 64. Kc3 Ne7 65. Kb3 Nc8 66. Bc3 Na7 67. Ba1 Nb5 68. Bb2 Nc7 69. Bd4 Ne6 70. Bc3 Nf8 71. Bd4 Ng6 72. Kc3 Ne7 73. Kb3 f4 74. gxf4 Nf5 75. Kc3 Nxh4 76. Kd2 Nf3+ 77. Ke2 h4 78. Kf1 Ke6 79. Bc3 h3 80. Bb2 Nd2+ 81. Kg1 Kf5 82. Bc3 Nf3+ 83. Kh1 Ke6 84. Bb2 Nh4 85. Bc3 Nf5 86. Bd2 Kd5 87. Bc1 Kc4 88. Bb2 Kb3 89. Bd4 Kc4 90. Ba1 Kd3 91. e6 Ke2 92. e7 Nxe7 93. f5 Nxf5 0-1

[Event "45th Olympiad Budapest 2024"]
[Site "Budapest"]
[Date "2024.09.19"]
[Round "8"]
[Board "3"]
[White "Gontcharov, Dimitri"]
[Black "Ormsby, Alan"]
[Result "1/2-1/2"]
[WhiteElo "1653"]
[BlackElo "1914"]
[PlyCount "61"]
[EventDate "2024.09.11"]
[EventType "team-tourn"]
[EventRounds "11"]
[EventCountry "HUN"]
[WhiteTeam "Bermuda"]
[BlackTeam "Isle of Man"]
[WhiteTeamCountry "BER"]
[BlackTeamCountry "IOM"]

1. e4 g6 2. d4 Bg7 3. Nf3 d6 4. Bc4 e6 5. Nc3 a6 6. Bg5 Ne7 7. a4 b6 8. O-O h6 9. Be3 Nd7 10. Qd2 Bb7 11. Bb3 $146 ({RR} 11. Rae1 c6 12. Bf4 Qc7 13. Rd1 Rd8 14. Rfe1 Kf8 15. Bg3 Qb8 16. Bb3 b5 17. axb5 cxb5 18. Qf4 Nf6 19. Qe3 b4 20. e5 Nf5 21. Qc1 bxc3 22. exf6 Bxf6 23. bxc3 Bxf3 24. gxf3 Qc8 25. Rd3 d5 {0-1 Dzhangobegov,V (2242)-Nachev,S (2411) Moscow Region-ch op 2009 (9)}) ({RR} 11. h3 g5 12. Nh2 Ng6 13. Bd3 c5 14. Ne2 cxd4 15. Bxd4 Bxd4 16. Nxd4 Qc7 17. Ne2 Nf6 18. Ng3 Rd8 19. Ra3 Nf4 20. Rc3 Qb8 21. Rb3 Nd7 22. Qc3 Ke7 23. Re1 f6 24. Bf1 Rc8 25. Qd2 Rc5 {½-½ Buljovcic,I (2374)-Badea,B (2530) Srajber Memorial 07th 2001 (11)}) ({RR} 11. d5 exd5 12. exd5 Nf5 13. Bf4 Nf6 14. Rfe1+ Kf8 15. h3 Kg8 16. Re2 Kh7 17. Rae1 Re8 18. g4 Ne7 19. Bxh6 Bxh6 20. g5 Qd7 21. gxh6 Nf5 22. Ng5+ Kg8 23. Nce4 Nh5 24. h7+ Kg7 25. Qc3+ f6 {1-0 Schwenkreis,T (2167)-Knickel,A (2190) Oberliga Ost-B 1213 2012 (1.6)}) 11... Nf6 12. d5 e5 13. h3 Qd7 14. Qd3 g5 15. Ne2 Nh5 16. a5 b5 17. c4 O-O 18. c5 dxc5 19. Bxc5 Nf4 20. Nxf4 gxf4 21. Qc3 Ng6 22. Bxf8 Rxf8 23. Rac1 Rc8 24. Rfd1 Bf6 25. Qc5 Qe7 26. Qxe7 Bxe7 27. Rc2 Bd6 28. Rdc1 Kf8 29. g3 Ke8 30. Kg2 Kd7 31. Ng1 1/2-1/2

[Event "45th Olympiad Budapest 2024"]
[Site "Budapest"]
[Date "2024.09.19"]
[Round "8"]
[Board "4"]
[White "Miah, Zahed"]
[Black "Dennis, Nathan"]
[Result "1-0"]
[WhiteElo "1895"]
[BlackElo "1828"]
[PlyCount "83"]
[EventDate "2024.09.11"]
[EventType "team-tourn"]
[EventRounds "11"]
[EventCountry "HUN"]
[WhiteTeam "Isle of Man"]
[BlackTeam "Bermuda"]
[WhiteTeamCountry "IOM"]
[BlackTeamCountry "BER"]

1. e4 Nf6 2. e5 Nd5 3. d4 d6 4. c4 Nb6 5. exd6 cxd6 6. Nc3 g6 7. Be3 Bg7 8. Rc1 O-O 9. Be2 Nc6 10. Nf3 ({RR} 10. b3 e6 11. Nf3 d5 12. c5 Nd7 13. h4 Nxc5 14. dxc5 d4 15. Nxd4 Bxd4 16. Bxd4 Nxd4 17. h5 Qg5 18. g3 Nxe2 19. Nxe2 Rd8 20. Qc2 e5 21. hxg6 hxg6 22. Rd1 Bg4 23. Rd2 Rac8 24. b4 b6 {0-1 Heinemann,J (2296)-Mamedyarov,S (2770) Titled Tuesday intern op 20th Apr blitz 2021 (3)}) 10... d5 ({RR} 10... Bg4 11. b3 d5 12. c5 Nc8 13. h3 Bxf3 14. Bxf3 e6 15. a3 N8e7 16. g4 a5 17. Rb1 e5 18. dxe5 d4 19. Bg5 dxc3 20. Qxd8 Rfxd8 21. Bxc6 Nxc6 22. Bxd8 Rxd8 23. f4 g5 24. O-O gxf4 25. Rxf4 {0-1 Gavarrete,N (2229)-Shton,R (2031) Titled Tue 11th Jun Late 2024 (2)}) 11. b3 dxc4 $146 ({RR} 11... Bg4 12. c5 Nc8 13. h3 Bxf3 14. Bxf3 e6 15. Qd2 N8e7 16. Nb5 Nf5 17. Bg4 Nxe3 18. fxe3 f5 19. Bf3 a6 20. Nd6 f4 21. e4 Bxd4 22. exd5 Be3 23. Qc3 Nd4 24. dxe6 Nxf3+ 25. gxf3 Bxc1 26. Qxc1 {0-1 Schneider,J (2239)-Gaponenko,I (2330) BL 1920 (Women) 2019 (10.1)}) 12. bxc4 Bg4 13. d5 Bxf3 14. gxf3 Ne5 15. Qb3 Qc7 16. c5 Nc8 17. Ne4 Nd7 18. O-O a6 19. Rfd1 Be5 20. h3 Na7 21. d6 exd6 22. cxd6 Qb8 23. f4 Bg7 24. Rc7 Qe8 25. Bf3 Nc6 26. Qxb7 Na5 27. Qd5 Nf6 28. Nxf6+ Bxf6 29. Qxa5 Rb8 30. Qd5 Bd8 31. Rb7 Rxb7 32. Qxb7 Qe6 33. Qxa6 Qxh3 34. Qc6 Qe6 35. a4 h5 36. d7 Qxc6 37. Bxc6 Kg7 38. Bd4+ f6 39. Re1 Rh8 40. Re8 Kh7 41. Rxd8 Rxd8 42. Bxf6 1-0

[Event "45th Olympiad Budapest 2024"]
[Site "Budapest"]
[Date "2024.09.19"]
[Round "8"]
[Board "1"]
[White "Than, Min Hlaing"]
[Black "Blackman, Justin"]
[Result "0-1"]
[WhiteElo "2121"]
[BlackElo "2265"]
[PlyCount "80"]
[EventDate "2024.09.11"]
[EventType "team-tourn"]
[EventRounds "11"]
[EventCountry "HUN"]
[WhiteTeam "Myanmar"]
[BlackTeam "Barbados"]
[WhiteTeamCountry "MYA"]
[BlackTeamCountry "BAR"]

1. Nf3 Nc6 2. d4 e6 3. c4 Nf6 4. Bg5 h6 5. Bxf6 Qxf6 6. e3 ({RR} 6. Nc3 g5 7. e3 Bg7 8. Bd3 d6 9. O-O Bd7 10. a3 O-O 11. Rc1 Qd8 12. d5 Ne7 13. dxe6 fxe6 14. Bb1 Be8 15. Nd4 Qd7 16. Nce2 Bg6 17. Bxg6 Nxg6 18. c5 dxc5 19. Rxc5 b6 20. Rc6 Ne5 {0-1 Janjgava,L (2490)-Goldin,A (2570) World op 19th 1991}) 6... d6 ({RR} 6... Bb4+ 7. Nbd2 d6 8. a3 Bxd2+ 9. Qxd2 O-O 10. Be2 e5 11. d5 Nb8 12. O-O a5 13. b4 axb4 14. axb4 Rxa1 15. Rxa1 Na6 16. c5 dxc5 17. Bxa6 e4 18. Ra2 exf3 19. Bf1 fxg2 20. Bxg2 Qg6 21. Kh1 {0-1 Ardila,O (1971)-Bold,A (2215) Titled Tue 2nd Jul Late 2024 (2)}) 7. Nc3 a6 $146 ({RR} 7... g6 8. Bd3 Bg7 9. h4 Qd8 10. Bc2 e5 11. d5 Ne7 12. h5 g5 13. Nh2 a6 14. g4 e4 15. Bxe4 O-O 16. Bc2 b5 17. Qd3 Re8 18. Qh7+ Kf8 19. O-O bxc4 20. f4 Ng8 21. Ne4 Nf6 22. Nxf6 {½-½ Singh,D (2368)-Deepan Chakkravarthy,J (2454) Asia-ch 5th Hyderabad 2005 (8)}) ({RR} 7... g5 8. Nb5 Qe7 9. d5 Nb8 10. Nxa7 Bd7 11. dxe6 Bxe6 12. Nb5 Bg7 13. Qd2 Na6 14. Be2 Nc5 15. O-O O-O 16. Nfd4 Bd7 17. Nc3 c6 18. Rad1 Rfd8 19. Qc2 Qe5 20. Rd2 Bc8 21. Rfd1 Qf6 22. h3 {1-0 Polonskiy,P (2111)-Oleinikov,D (2256) Moscow op-B 2009 (2)}) ({RR} 7... g6 8. Be2 Bg7 9. O-O O-O 10. Rc1 Qe7 11. a3 a5 12. d5 Ne5 13. Nd4 g5 14. f4 Ng6 15. dxe6 fxe6 16. Qd3 Nh4 17. g3 Nf5 18. Nxf5 Rxf5 19. Bg4 Rf7 20. Qe4 c6 21. fxg5 hxg5 22. Rxf7 {1-0 Barwinski,D (2210)-Stefanek,P (2230) POL-chT 2nd League 2003 (3)}) 8. Bd3 g6 9. O-O Bg7 10. h3 O-O 11. a3 Bd7 12. Rc1 Rae8 13. b4 Qd8 14. b5 Nb8 15. a4 e5 16. c5 exd4 17. exd4 dxc5 18. dxc5 Be6 19. Qc2 Nd7 20. Rfd1 Nxc5 21. Bxg6 Qc8 22. Bh7+ Kh8 23. Nd5 b6 24. bxa6 Rd8 25. Be4 Nxe4 26. Qxe4 Qa8 27. Rxc7 Bxd5 28. Qf4 Qxa6 29. Ne5 Qe2 30. Rxd5 Rxd5 31. Nxf7+ Kg8 32. Nxh6+ Bxh6 33. Qxh6 Qe1+ 34. Kh2 Qe5+ 35. f4 Qxc7 36. Qg6+ Qg7 37. Qe6+ Qf7 38. Qg4+ Kh8 39. g3 Qh5 40. Qxh5+ Rxh5 0-1